| 000 | 00512cam a22002171 4500 | ||
|---|---|---|---|
| 001 | sa 64008775 | ||
| 003 | DLC | ||
| 005 | 20260227112056.0 | ||
| 008 | 890807s1963 ii 000 0 malo | ||
| 010 | _asa 64008775 | ||
| 035 | _a(OCoLC)20137763 | ||
| 040 |
_aDLC _cWaU _dDLC |
||
| 042 | _apremarc | ||
| 050 | 0 | 0 |
_aQ171 _b.S5845 |
| 100 | 2 | _aSivankutty Nair, G. | |
| 245 | 1 | 0 | _aCitṛaśāla. |
| 260 |
_a[Oachira? _c1963] |
||
| 300 |
_aii, 152 p. _c19 cm. |
||
| 500 | _aIn Malayalam. | ||
| 650 | 0 | _aScience. | |
| 999 |
_c61032 _d61032 |
||